Sports Logos Quiz - Statistics

General Stats
  • This quiz has been taken 2,170 times
  • The average score is 12 of 15
Answer Stats
Picture Answer % Correct
Green Bay Packers
95%
New York Giants
95%
Cleveland Cavaliers
92%
New Orleans Saints
92%
Cincinnati Bengals
90%
Chicago Bears
86%
Oakland A's
86%
Los Angeles Angels
82%
New York Mets
81%
Dallas Stars
78%
New Jersey Devils
78%
Detroit Tigers
74%
Philadelphia Flyers
74%
Texas Rangers
74%
Detroit Pistons
41%
No matching quizzes found
Score Distribution
Percent of People with Each Score
Percentile by Number Answered
Your Score History
You have not taken this quiz